[Event "RUS-ch 67th"]
[Site "Kazan"]
[Date "2014.12.05"]
[Round "7"]
[White "Zvjaginsev, Vadim"]
[Black "Lysyj, Igor"]
[Result "1-0"]
[WhiteElo "2655"]
[BlackElo "2686"]
[Annotator "CB"]
[PlyCount "73"]
[EventDate "2014.11.28"]
[EventType "tourn"]
[EventRounds "9"]
[EventCountry "RUS"]
[EventCategory "19"]
[SourceTitle "CBM 164"]
[Source "ChessBase"]
[SourceDate "2015.01.15"]
[SourceVersion "1"]
[SourceVersionDate "2015.01.15"]
[SourceQuality "1"]

1. g3 Nf6 2. Bg2 d5 3. Nf3 e6 4. O-O Be7 5. d3 O-O 6. Nbd2 c5 7. e4 Nc6 8. Re1
b5 9. exd5 exd5 10. Nb3 Re8 11. h3 Qb6 12. c3 Bb7 13. Be3 Rad8 14. d4 c4 15.
Nc5 Bc8 16. b4 cxb3 17. axb3 b4 18. cxb4 Qxb4 19. Rc1 Ne4 20. Nxe4 dxe4 21. Bd2
Qb6 22. Rxe4 Bf5 23. Re1 Nxd4 24. Be3 Nxf3+ 25. Qxf3 Qb5 26. Bxa7 Be6 27. Qb7
Qxb7 28. Bxb7 Ba3 29. Ra1 Re7 30. Bb6 Rb8 31. Bg2 Bxb3 32. Be3 $1 {A very
unusual precision. Despite the symmetrical pawn structure Black has to be very,
very careful because of the unique positioning of the pieces represents some
dangers due to pins.} Bd6 $2 (32... Bb2 $1 33. Rab1 Ba4 $1 (33... Ba2 34. Ba7
$1 Bxb1 35. Rxe7 Rd8 36. Rb7 $1 {The king is also in danger!} Rd1+ 37. Kh2 Be5
38. f4 $1 Bd6 39. Rd7 {And black loses due to the pin down the d-file. He has
no time for bc2:} Bc2 40. Rd8+ Bf8 41. Bd5 $1 {and Bc5 is coming. Black loses
the exchange and the game.}) 34. Re2 Be5 35. Rxb8+ Bxb8 36. Ra2 Bd7 $1 {
And Black keeps all his pieces adn should draw relatively comfortably.}) 33.
Ra6 $1 Bc7 (33... Be5 34. Rb1 g5 $1 {the least evil.} (34... g6 35. Ra3 Be6 36.
Rxb8+ Bxb8 37. Ra8 Re8 38. Bf4 $18) 35. Ra3 Be6 36. Rxb8+ Bxb8 37. Ra8 Re8 38.
Ba7 Bxa7 39. Rxe8+ {is losing.}) 34. Rb1 {Black has no good way of preventing
Ra3 followed by a trade on b8 and a pin down the eighth rank!} Be5 (34... Ree8
35. Ba7 {forces the rook to a square where it is not defended.} Rb4 36. Ra3 {
and to add insult to injury Black cannot attack the bishop on a7, which would
be his saving resource (for example, with Ra8) because of the bishop on g2.})
35. Ra3 Bc4 36. Rxb8+ Bxb8 37. Ra8 {A study-like position!} 1-0

[Event "RUS-ch 67th"]
[Site "Kazan"]
[Date "2014.11.30"]
[Round "3"]
[White "Zvjaginsev, Vadim"]
[Black "Nepomniachtchi, Ian"]
[Result "1/2-1/2"]
[WhiteElo "2655"]
[BlackElo "2714"]
[PlyCount "71"]
[EventDate "2014.11.28"]
[EventType "tourn"]
[EventRounds "9"]
[EventCountry "RUS"]
[EventCategory "19"]
[SourceTitle "CBM 164"]
[Source "ChessBase"]
[SourceDate "2015.01.15"]
[SourceVersion "1"]
[SourceVersionDate "2015.01.15"]
[SourceQuality "1"]

1. e4 c5 2. c3 Nf6 3. e5 Nd5 4. Nf3 Nc6 5. Bc4 Nb6 6. Bb3 d5 7. exd6 Qxd6 8.
O-O Be6 9. Qe2 c4 10. Bc2 g6 11. b3 Bg7 12. Na3 cxb3 13. axb3 O-O 14. Nc4 Nxc4
15. bxc4 Ne5 16. Nxe5 Qxe5 17. Qxe5 Bxe5 18. Re1 Bd6 19. Be4 Bxc4 20. Bxb7 Rab8
21. Ba6 Bxa6 22. Rxa6 Rb7 23. Ba3 Bxa3 24. Rxa3 Rd8 25. Ra2 Rbd7 26. Kf1 Rxd2
27. Rxd2 Rxd2 28. Rxe7 Rc2 29. Rxa7 Rxc3 30. g3 h5 31. Kg2 Kg7 32. Rb7 Rc6 33.
Ra7 Rd6 34. Rb7 Rc6 35. Ra7 Rd6 36. Rb7 1/2-1/2

[Event "RUS-ch 67th"]
[Site "Kazan"]
[Date "2014.12.06"]
[Round "8"]
[White "Zvjaginsev, Vadim"]
[Black "Grachev, Boris V"]
[Result "1/2-1/2"]
[WhiteElo "2655"]
[BlackElo "2669"]
[PlyCount "37"]
[EventDate "2014.11.28"]
[EventType "tourn"]
[EventRounds "9"]
[EventCountry "RUS"]
[EventCategory "19"]
[SourceTitle "CBM 164"]
[Source "ChessBase"]
[SourceDate "2015.01.15"]
[SourceVersion "1"]
[SourceVersionDate "2015.01.15"]
[SourceQuality "1"]

1. e4 c5 2. c3 d5 3. exd5 Qxd5 4. d4 Nf6 5. Nf3 e6 6. Be2 Be7 7. O-O Nc6 8. c4
Qf5 9. Nc3 cxd4 10. Nb5 O-O 11. Nbxd4 Nxd4 12. Nxd4 Qe5 13. Nf3 Qc7 14. Qd4 b6
15. Bf4 Qc5 16. Be3 Qc7 17. Bf4 Qc5 18. Be3 Qc7 19. Bf4 1/2-1/2